| 000 | 00547nam a2200193 a 4500 | ||
|---|---|---|---|
| 005 | 20250205063744.0 | ||
| 008 | 991125s1971 mx 000 0 spa u | ||
| 035 | _aUPN01000000805 | ||
| 049 | _aCG | ||
| 050 | 4 |
_aHF5437 _bH4.28 |
|
| 100 | 1 | _aHedrick, Floyd D. | |
| 245 | 1 | 0 |
_aAdministración de compras / _cFloyd D. Hedrick ; tr. Bernardo de Allende. |
| 260 |
_aMéxico : _bTécnica, _c1971. |
||
| 300 | _a240 p. | ||
| 650 | 2 |
_aCompras _99698 |
|
| 650 | 4 |
_aCOMPRAS INDUSTRIALES _99699 |
|
| 650 | 4 |
_aAdministración industrial _9500 |
|
| 905 | _aLibro | ||
| 999 |
_c805 _d805 |
||